000 00370nam a2200157Ia 4500
008 230312s9999||||xx |||||||||||||| ||und||
020 _a0-4431-0141-0
082 _a617.5
_bGRE-R
100 _aGreenhalgh;Sue
245 0 _aRed Flags
260 _bElsevier
_aChina
_c2006
300 _a214
546 _aEng.
650 _aPhysiotherapy
_vPathology of Spine
942 _cBK
999 _c8024
_d8024